| 000 | 01353nam a22002657a 4500 | ||
|---|---|---|---|
| 005 | 20170124103157.0 | ||
| 010 | _aA-613333 | ||
| 020 | _c63.00 | ||
| 035 | _aA-613333 | ||
| 037 | _bCen Lib/Ret | ||
| 040 |
_aDPL _bHN |
||
| 082 |
_a950 _bसत्यके |
||
| 100 |
_aसत्यकेतु विधालंकार _943407 |
||
| 245 |
_aपूर्वी और दक्षिण-पूर्वी एरिया का आधुनिक इतिहास / _cसत्यकेतु विधालंकार |
||
| 246 |
_aPurvi aur dakshin-purvi area ka adhunik itihas / _bby Satyketu Vidhalankar |
||
| 260 |
_aनई दिल्ली _bसरस्वती सदन _c1992 |
||
| 270 |
_aए-1/32, सफदरजं इन्क्लेव _bनई दिल्ली _e110029 |
||
| 300 |
_a596पृ. _c21सेमी(सजिल्द) |
||
| 500 | _aअनुक्रमणिका शामिल | ||
| 650 |
_aपूर्वी और दक्षिण-पूर्वी एरिया--आधुनिक इतिहास _990226 |
||
| 650 |
_aयूरोप और चीन का संपर्क _982700 |
||
| 650 |
_aEastern and south-eastern area--Modern History _990227 |
||
| 650 |
_aEurope and China contact _990228 |
||
| 942 |
_2ddc _cHN _h950 _mसत्यके |
||
| 999 |
_c120395 _d120395 |
||